000 00354nam a22001217a 4500
040 _cHS
082 _a307
100 _aNA
245 _aលិខិតបទដ្ឋានច្បាប់ពាក់ព័ន្ឌនឹងសហគមន៍ព្រៃឈើនៅកម្ពុជា
260 _aCambodia
_bNA
_cNA
300 _a38p;
942 _cKB
999 _c9270
_d9270